000 00678nam a2200253Ia 4500
003 OSt
005 20221005130215.0
006 a|||||r|||| 00| 0
007 ta
008 221004b |||||||| |||| 00| 0 hin d
024 _a53904
037 _cTextual
040 _aCRL
_cCRL
_bhin
041 _2hin
_ahin
082 _aO152,1J32,11:g, 32L3
100 _aNair Krishnan
_9637752
245 0 _aRamacharitam
_b orurmarsanalmaka padanam
260 _c1973
300 _a136p.
_ccm.
650 _a HINDI POETRY
_97134
650 _aHINDI LITERATURE
_923866
942 _hO152,1J32,11:g, 32L3
_cTEXL
_2cc
999 _c1056424
_d1056424